| 000 | 01524cam a2200241 4500500 | ||
|---|---|---|---|
| 005 | 20251228052321.0 | ||
| 041 | _afre | ||
| 042 | _adc | ||
| 100 | 1 | 0 |
_aClerc, Denis _eauthor |
| 245 | 0 | 0 | _aQuand le travail rend pauvre |
| 260 | _c2011. | ||
| 500 | _a36 | ||
| 520 | _aRésuméLa pauvreté laborieuse concerne en France 7 à 8 % des personnes en emploi. En cause principalement : non pas l’insuffisance du salaire minimum, mais l’insuffisance et la mauvaise qualité d’un certain nombre d’emplois. Or ces emplois sont souvent ceux que la collectivité a incité le plus à créer. Les politiques publiques dans ce domaine sont donc critiquables. Quant à la création du revenu de solidarité active (RSA), elle a été un pas en avant important et, pour la première fois, la collectivité s’est dotée d’un outil qui n’est pas parfait, mais qui est améliorable, afin de lutter contre la pauvreté laborieuse. Parvenir à faire reculer cette dernière est en effet un objectif important, qui relève autant de la cohésion sociale que de la dignité humaine. | ||
| 690 | _afamille monoparentale | ||
| 690 | _aniveau de vie | ||
| 690 | _apauvreté laborieuse | ||
| 690 | _arevenu de solidarité active (RSA) | ||
| 690 | _asalaire minimum | ||
| 690 | _aseuil de pauvreté | ||
| 690 | _atravailleur pauvre | ||
| 786 | 0 | _nTransversalités | 120 | 4 | 2011-12-01 | p. 75-86 | 1286-9449 | |
| 856 | 4 | 1 | _uhttps://shs.cairn.info/revue-transversalites-2011-4-page-75?lang=fr&redirect-ssocas=7080 |
| 999 |
_c1583299 _d1583299 |
||